Adapting marketing to libraries in a changing and world-wide environment papers presented at the 63rd IFLA conference, Copenhagen, September 1997

Podrobná bibliografia
Ďalší autori: Savard, Réjean (upr)
Médium: Kniha
Jazyk:angličtina
Fyzický popis:89 s. 22 cm
Vydavateľské údaje: München K.G. Saur 2000
ISBN:3598218117
ISSN:0344-6891
Edícia:IFLA publications
Predmet:

MARC

LEADER 00000nam a2200000 a 4500
001 vtls001412039
003 SK-MaSNL
005 20260301202232.0
008 251113s2000 DE a r 0 eng
020 |a 3598218117  |c [1745,00] 
035 |a SNK000366748 
040 |a SNK  |b slo  |c SNK  |e AACR2 
044 |a DE 
080 |a 026/027  |2 1981 
080 |a 025.1(082)  |2 1981 
245 1 |a Adapting marketing to libraries in a changing and world-wide environment  |b papers presented at the 63rd IFLA conference, Copenhagen, September 1997  |c edited by Réjean Savard 
260 |a München  |b K.G. Saur  |c 2000 
300 |a 89 s.  |c 22 cm 
490 1 |a IFLA publications  |x 0344-6891  |v 89 
500 |a Súbež. názov a čiast. text franc. 
650 0 7 |a knižnice  |2 SNKPH  |9 17965 
650 0 7 |a marketing  |2 SNKPH  |9 2299 
655 7 |a zborníky  |2 SNKPH  |9 70165 
700 1 |a Savard, Réjean  |4 upr  |9 392274 
830 0 |a IFLA publications  |9 299315 
919 |a 3-598-21811-7 
999 |c 898051  |d 899981 
952 |t snkADA 025.1  |a SNKUST  |b SNKUST  |y PREZ  |7 0  |p 17A0298539  |o snkIC 129386   |i snkV 631/2001  |0 0  |1 0  |4 0  |d 2001-04-30  |l 0  |r 2025-05-28 00:00:00  |w 2026-02-24